000 00724nam a2200217Ii 4500
003 JO-AjNU
008 230605s9999||||xx |||||||||||||| ||und||
017 _a1999/7/786
040 _aJO-AjNU
_bara
_erda
_cJO-AjNU
041 _aara
050 1 4 _aQA76.73.P2.R3366 1999
100 3 _aرحو ، غازي/ م مشارك تائب ابراهيم ,
_eauthor
_928273
245 0 0 _aمدخل الى علم الحاسوب والبرمجة بلغة باسكال
250 _aط1
264 3 1 _aعمان:دار المناهج ،1999
300 _a449ص
336 _atext
_btxt
_2rdacontent
337 _aunmediated
_bn
_2rdamedia
338 _avolume
_bnc
_2rdacarrier
650 4 _aالحاسوب الالكترونية
_928274
999 _aA10945
_c14513
_d14513